Kawésqar: hijos de la mujer sol
Uloženo v:
| Hlavní autor: | |
|---|---|
| Médium: | Neznámo |
| Jazyk: | angličtina |
| Vydáno: |
Santiago, Chile
LOM
2020
|
| Vydání: | Segunda edición |
| Témata: | |
| Tagy: |
Přidat tag
Žádné tagy, Buďte první, kdo vytvoří štítek k tomuto záznamu!
|
MARC
| LEADER | 00000 a2200000 4500 | ||
|---|---|---|---|
| 003 | CL-VaPUC | ||
| 005 | 20230622144353.0 | ||
| 008 | 200320b ||||| |||| 00| 0 eng d | ||
| 999 | |c 422762 |d 422760 | ||
| 020 | |a 9789560012029 | ||
| 040 | |c Pontificia Universidad Católica de Valparaíso | ||
| 082 | 0 | 4 | |2 21 |a 305.8 ERR 2019 |
| 100 | 1 | |a Errázuriz Körner, Paz |9 604856 | |
| 245 | |a Kawésqar: |b hijos de la mujer sol | ||
| 250 | |a Segunda edición | ||
| 260 | 3 | |b LOM |c 2020 |a Santiago, Chile | |
| 300 | |a 128 páginas | ||
| 583 | |k Hugo Gaete |c 20200320 | ||
| 650 | 0 | 0 | |9 526228 |a KAWESQAR |
| 650 | 0 | 0 | |a Alacalufes |9 267400 |
| 650 | 0 | 0 | |9 526229 |a ETNIAS CHILENAS |
| 651 | 0 | 0 | |a Patagonia |9 269580 |
| 942 | |2 ddc |c BK | ||
| 952 | |0 0 |1 0 |2 ddc |4 0 |6 305_800000000000000_ERR_2019 |7 0 |8 R |9 561676 |a BIBART |b BIBART |d 2020-03-18 |e 4 |g 23000.00 |i 5574293 |l 7 |m 3 |o 305.8 ERR 2019 |p 5574293 |r 2025-03-13 |s 2024-09-26 |t 1 |v 23000.00 |w 2020-03-18 |y BK_R |k ART | ||